000 00266nam a2200109Ia 4500
008 190216s9999||||xx |||||||||||||| ||und||
100 _aDr.Sabidanand Divedi
245 0 _aHindi-Hindi Nagari Lipi Va Ank
260 _bPrasar Prakashan
650 _aHindi
942 _cBK
999 _c16329
_d16329